<?xml version="1.0" encoding="UTF-8"?><?xml-stylesheet type="text/xsl" href="static/style.xsl"?><OAI-PMH xmlns="http://www.openarchives.org/OAI/2.0/" xmlns:xsi="http://www.w3.org/2001/XMLSchema-instance" xsi:schemaLocation="http://www.openarchives.org/OAI/2.0/ http://www.openarchives.org/OAI/2.0/OAI-PMH.xsd"><responseDate>2026-06-05T20:27:17Z</responseDate><request verb="GetRecord" identifier="oai:riuma.uma.es:10630/20998" metadataPrefix="marc">https://riuma.uma.es/rest/oai/request</request><GetRecord><record><header><identifier>oai:riuma.uma.es:10630/20998</identifier><datestamp>2026-02-03T11:09:49Z</datestamp><setSpec>com_10630_2254</setSpec><setSpec>col_10630_37953</setSpec></header><metadata><record xmlns="http://www.loc.gov/MARC21/slim" xmlns:dcterms="http://purl.org/dc/terms/" xmlns:doc="http://www.lyncode.com/xoai" xmlns:xsi="http://www.w3.org/2001/XMLSchema-instance" xsi:schemaLocation="http://www.loc.gov/MARC21/slim http://www.loc.gov/standards/marcxml/schema/MARC21slim.xsd">
   <leader>00925njm 22002777a 4500</leader>
   <datafield ind2=" " ind1=" " tag="042">
      <subfield code="a">dc</subfield>
   </datafield>
   <datafield ind2=" " ind1=" " tag="720">
      <subfield code="a">Gržanić, Mirna</subfield>
      <subfield code="e">author</subfield>
   </datafield>
   <datafield ind2=" " ind1=" " tag="720">
      <subfield code="a">Morales-González, Juan Miguel</subfield>
      <subfield code="e">author</subfield>
   </datafield>
   <datafield ind2=" " ind1=" " tag="720">
      <subfield code="a">Pineda-Morente, Salvador</subfield>
      <subfield code="e">author</subfield>
   </datafield>
   <datafield ind2=" " ind1=" " tag="720">
      <subfield code="a">Capuder, Tomislav</subfield>
      <subfield code="e">author</subfield>
   </datafield>
   <datafield ind2=" " ind1=" " tag="260">
      <subfield code="c">2021-02-15</subfield>
   </datafield>
   <datafield ind2=" " ind1=" " tag="520">
      <subfield code="a">Most of the prosumers nowadays are constrained to trade only with the supplier under a flat tariff or dynamic time-of-use price signals. This paper models and discusses the cost-saving benefits of flexible prosumers as members of energy communities who can exchange electricity among peers and on the wholesale markets through a community manager. Authors propose a novel centralized post-process sharing method by introducing a two-stage mechanism which, unlike the existing methods, guarantees benefits for prosumers joining the energy community. The first stage assesses internal price calculation in three different methods: Bill Sharing Method Net (BSMN), Mid-Market Rate Net (MMRN), and Supply-Demand Ratio Net (SDRN). In their original form, prices are calculated in a single stage and the comprehensive analyses in the paper show that some members face increased cost. To solve this issue, the paper improves the methods by introducing the second stage in which the compensation methodology is defined for the distribution of savings which ensures that all community members gain benefits. Results investigate the value of inner technical flexibility of the prosumer (flexible preferences of the final consumer can reduce the cost from 3% up to 20 %). Moreover, incentives/penalties encourage the utilization of a flexible behavior to adjust the real-time consumption of prosumers' appliances to a predefined day-ahead schedule. This type of pricing results in a lower amount of benefits sharing in the community (the reduction of 18-47% in MMRN and 49-114% in SDRN compared to existing pricing) which makes this incentives/penalties pricing more preferable. The paper concludes that prosumers with an excess PV production would not benefit from the internal energy exchange in the community under BSMN due to free energy exchange between members.</subfield>
   </datafield>
   <datafield ind1="8" ind2=" " tag="024">
      <subfield code="a">Grzanic, M., Morales, J., Pineda, S., &amp; Capuder, T. (2021). Electricity cost-sharing in energy communities under dynamic pricing and uncertainty. IEEE Access, 1–1. https://doi.org/10.1109/ACCESS.2021.3059476</subfield>
   </datafield>
   <datafield ind1="8" ind2=" " tag="024">
      <subfield code="a">https://hdl.handle.net/10630/20998</subfield>
   </datafield>
   <datafield ind1="8" ind2=" " tag="024">
      <subfield code="a">10.1109/ACCESS.2021.3059476</subfield>
   </datafield>
   <datafield tag="653" ind2=" " ind1=" ">
      <subfield code="a">Cogeneración de energía eléctrica y térmica</subfield>
   </datafield>
   <datafield tag="653" ind2=" " ind1=" ">
      <subfield code="a">Energía eléctrica</subfield>
   </datafield>
   <datafield tag="653" ind2=" " ind1=" ">
      <subfield code="a">Energía - Consumo</subfield>
   </datafield>
   <datafield ind2="0" ind1="0" tag="245">
      <subfield code="a">Electricity Cost-Sharing in Energy Communities Under Dynamic Pricing and Uncertainty</subfield>
   </datafield>
</record>
</metadata></record></GetRecord></OAI-PMH>